| 000 | 00797nam a22001697a 4500 | ||
|---|---|---|---|
| 999 |
_c63482 _d63482 |
||
| 003 | Ge_BSU | ||
| 005 | 20251017154713.0 | ||
| 008 | 251017s1982 ge ||||| |||| 00| 0 geo d | ||
| 041 | _ageo | ||
| 080 | _a631.115.6(479.22) ქ-26 | ||
| 100 |
_aქარელიშვილი, გალაქტიონ _926049 |
||
| 245 |
_aღრმა ფესვები : _b[გორის რ-ნის სოფ. ტყვიავის კოლმეურნეობა]. _cგალაქტიონ ქარელიშვილი. |
||
| 264 |
_aთბ. : _bსაბჭ. საქართველო, _c1982. |
||
| 300 |
_a117გვ. : _b ილ. ; _c19 სმ. |
||
| 653 | _aკოლმეურნეობები საქართველოში. | ||
| 942 |
_2udc _cᲬᲘᲒᲜᲘ |
||